| 000 | 01012nam a22003257a 4500 | ||
|---|---|---|---|
| 003 | CHAP | ||
| 005 | 20220817041057.0 | ||
| 008 | 971013s1992 r 00010 d | ||
| 010 | _a5915 | ||
| 011 | _a6887 | ||
| 035 | _a6110 | ||
| 040 | _cCHAP | ||
| 082 |
_a331 _bC4 |
||
| 110 | _aCentro Internacional de Investigaciones para el Desarrollo | ||
| 245 | _aTrabajo informal y pobreza urbana en América Latina | ||
| 260 |
_aOttawa, Canadá : _bEl Centro, _c1992 |
||
| 300 | _a322 p. | ||
| 500 | _a60-57 | ||
| 590 |
_aBATCH-UPD _b10 _c20130110 _lUCH01 _h1512 |
||
| 590 |
_aBATCH-UPD _b10 _c20130410 _lUCH01 _h0928 |
||
| 590 |
_aCONVERSION _b10 _c20130109 _lUCH01 _h1304 |
||
| 650 | 1 | 4 |
_aAlimentos _xAbastecimiento. |
| 650 | 1 | 4 |
_aAmerica Latina _xCondiciones economicas. _95390 |
| 650 | 1 | 4 |
_aAmerica Latina _xCondiciones sociales. _95395 |
| 650 | 1 | 4 |
_aPobreza. _989463 |
| 650 | 1 | 4 | _aTrabajo y trabajadores. |
| 901 | _aBK | ||
| 942 | _cLIBRO | ||
| 949 |
_a331 C4 _bBC _cLIBRO _d33724000331716 _eLIBRO _h82677 _i6110 _si |
||
| 999 |
_c5915 _d5915 |
||